000 00769cam a22002415a 4500
001 016042840
003 OSt
005 20160201153057.0
008 101105t2012 nyua frb 001 0 eng d
020 _a9781606502488 (pbk.)
020 _a1606502484 (pbk.)
040 _aYDXCP
_cYDXCP
_dTXA
_dUk
_dEG-ScBUE
_beng
082 0 4 _a610.284
_222
_bKOP
100 1 _aKoprowski, Eugene J.,
_d1930-
_939209
245 1 0 _a Nanotechnology in medicine :
_bemerging applications /
_cGene Koprowski.
260 _aNew York :
_bMomentum Press,
_cc.2012.
300 _axxv, 171 p. :
_bill. ;
_c23 cm.
500 _aIndex : p. 167-169.
504 _aIncludes bibliographical references.
650 7 _aNanomedicine.
_2BUEsh
_94192
653 _bENGGEN
_cJune2015
_cJanuary2016
942 _2ddc
999 _c20106
_d20078